000 00867nam a2200229Ii 4500
003 JO-AjNU
008 230605s9999||||xx |||||||||||||| ||und||
017 _a2013/7/2401
020 _a978-9957-70-724-8
040 _aJO-AjNU
_bara
_erda
_cJO-AjNU
041 _aara
050 1 4 _aPJ7505.5.B3.A252 2014
100 3 _aتحرير بكار، يوسف,
_eauthor
_945390
245 0 0 _aالكتابة على الكتابة :قراءات في فكر الناقد يوسف بكار
250 _aط1
264 3 1 _aاربد: عالم الكتب الحديث للنشر والتوزيع، 2014
300 _a353ص
336 _atext
_btxt
_2rdacontent
337 _aunmediated
_bn
_2rdamedia
338 _avolume
_bnc
_2rdacarrier
650 4 _aالأدب العربي-تاريخ ونقد-الأردن-قرن 20-الأدباء العرب-الأدب المقارن
_945391
999 _aA19671
_c23239
_d23239